000 00264nam a22001097a 4500
050 _aQD 181
_b.D1 L58
100 _aIngvar Lindqvist
245 _aInorganic adduct molecules of oxo-compounds.
260 _aBerlin
_b Springer
_c 1963.
300 _a128 p.
942 _cGEN
999 _c2353
_d2353